Modeling and analysis of dynamic systems / (Record no. 174711)

000 -LEADER
fixed length control field 01096 a2200253 4500
003 - CONTROL NUMBER IDENTIFIER
control field Nust
005 - DATE AND TIME OF LATEST TRANSACTION
control field 20220720121817.0
010 ## - LIBRARY OF CONGRESS CONTROL NUMBER
LC control number 2001033010
020 ## - INTERNATIONAL STANDARD BOOK NUMBER
International Standard Book Number 0471394424 (cloth : alk. paper)
040 ## - CATALOGING SOURCE
Transcribing agency Nust
082 00 - DEWEY DECIMAL CLASSIFICATION NUMBER
Classification number 003,CLO
100 1# - MAIN ENTRY--PERSONAL NAME
Personal name Close, Charles M.
9 (RLIN) 94032
245 10 - TITLE STATEMENT
Title Modeling and analysis of dynamic systems /
Statement of responsibility, etc. Charles M. Close and Dean K. Frederick and Jonathan C. Newell.
250 ## - EDITION STATEMENT
Edition statement 3rd ed.
260 ## - PUBLICATION, DISTRIBUTION, ETC.
Place of publication, distribution, etc. New York :
Name of publisher, distributor, etc. Wiley,
Date of publication, distribution, etc. c2002.
300 ## - PHYSICAL DESCRIPTION
Extent xiv, 576 p. :
Other physical details ill. ;
Dimensions 26 cm.
505 ## - FORMATTED CONTENTS NOTE
Formatted contents note Introduction (Page-1), Translation Mechanical Systems (Page-14), Standard Forms for System Models (Page-48), Block Diagrams and Computer Simulation (Page-73), Rotational Mechanical Systems (Page-95), Electrical Systems (Page-138).
650 #0 - SUBJECT ADDED ENTRY--TOPICAL TERM
Topical term or geographic name entry element System analysis.
9 (RLIN) 2233
700 1# - ADDED ENTRY--PERSONAL NAME
Personal name Frederick, Dean K.,
Dates associated with a name 1934-
9 (RLIN) 94033
700 1# - ADDED ENTRY--PERSONAL NAME
Personal name Newell, Jonathan C.
9 (RLIN) 94034
856 42 - ELECTRONIC LOCATION AND ACCESS
Materials specified Publisher description
Uniform Resource Identifier <a href="http://www.loc.gov/catdir/description/wiley035/2001033010.html">http://www.loc.gov/catdir/description/wiley035/2001033010.html</a>
856 42 - ELECTRONIC LOCATION AND ACCESS
Materials specified Table of Contents
Uniform Resource Identifier <a href="http://www.loc.gov/catdir/toc/onix06/2001033010.html">http://www.loc.gov/catdir/toc/onix06/2001033010.html</a>
942 ## - ADDED ENTRY ELEMENTS (KOHA)
Koha item type Reference
Source of classification or shelving scheme
Holdings
Withdrawn status Lost status Source of classification or shelving scheme Damaged status Not for loan Permanent Location Current Location Shelving location Date acquired Full call number Barcode Date last seen Price effective from Koha item type Public note
          Military College of Signals (MCS) Military College of Signals (MCS) Reference 12/12/2016 003,CLO MCS30712 12/08/2016 12/12/2016 Reference Almirah No.17, Shelf No.1
© 2023 Central Library, National University of Sciences and Technology. All Rights Reserved.